000 01602cam a2200325Ia 4500
999 _c9876
_d9876
001 41321133
001 41321133
003 OCoLC
005 20210205111956.0
008 990507t19991971miu 000 0 eng d
010 _a58013513
020 _a080281283X
020 _a9780802812834
035 _a(OCoLC)41321133
040 _aAPL
_beng
_cAPL
_dPRP
_dNA5
_dOCLCF
_dOCLCQ
_dAZFX8
050 4 _aBT 77
_bST888B
082 0 4 _a230.01
_bST888B
100 1 _aStott, John R. W.
245 1 0 _aBasic Christianity /
_cJohn R.W. Stott.
250 _a2nd ed., hardcover ed.
260 _aGrand Rapids :
_bEerdmans,
_c1999, ©1971.
300 _a142 pages ;
_c19 cm
336 _atext
_btxt
_2rdacontent
337 _aunmediated
_bn
_2rdamedia
338 _avolume
_bnc
_2rdacarrier
520 _a"Who is Jesus? "If Jesus was not God in human flesh, Christianity is exploded," writes John Stott. "We are left with just another religion with some beautiful ideas and noble ethics; its unique distinction has gone." If Jesus is not who he said he was, and if he did not do what he said he had come to do, the whole superstructure of Christianity crumbles in ruins to the ground. Is it plausible that Jesus was truly divine? And what might this mean for us? John Stott's clear, classic statement examines the historical facts on which Christianity stands. Here is a sound, sensible guide for all who seek an intellectually satisfying explanation of the Christian faith" --Amazon.com.
650 0 _aTheology, Doctrinal
_vPopular works.
655 7 _aPopular works.
_2fast
_0(OCoLC)fst01423846
942 _2ddc
_cBK